Библиография Победы

“Убежден: опыт солидарности, партнерства в годы борьбы с общей угрозой — это наше бесценное наследие, прочная опора именно сейчас, когда набирает силу необратимое движение к более справедливому многополярному миру, основанному на принципах доверия и неделимой безопасности, равных возможностей для самобытного и свободного развития всех стран и народов.”

В.В. Путин

Сметем с лица земли фашистскую нечисть! (Запись № 88878)

Подробности
000 -МАРКЕР
контрольное поле 04432nkm0a2200613 4500
001 - ИДЕНТИФИКАТОР ЗАПИСИ
контрольное поле RU\NLR\BIBL_A\022632553
005 - ИДЕНТИФИКАТОР ВЕРСИИ
контрольное поле 20251202113233.0
020 ## - НОМЕР ДОКУМЕНТА В НАЦИОНАЛЬНОЙ БИБЛИОГРАФИИ
Код страны российская федерация
Номер 44-2568 (1944, № 3-4)
Основное заглавие издания Российской книжной палаты Летопись изоизданий / ВКП. - Москва, 1948. - Вып. 1944, № 3-4. - С. 81
035 ## - ДРУГИЕ СИСТЕМНЫЕ НОМЕРА
Идентификатор записи (NLR Aleph) 022632553
071 50 - ИЗДАТЕЛЬСКИЙ НОМЕР
Цена 8 коп.
100 ## - ДАННЫЕ ОБЩЕЙ ОБРАБОТКИ
Данные общей обработки 20250929d1944 u y0rusy50 ca
101 0# - ЯЗЫК РЕСУРСА
Язык текста, звукозаписи и т.д. русский
102 ## - СТРАНА ПУБЛИКАЦИИ ИЛИ ПРОИЗВОДСТВА
Страна публикации российская федерация
116 ## - ПОЛЕ КОДИРОВАННЫХ ДАННЫХ: ИЗОБРАЗИТЕЛЬНЫЕ МАТЕРИАЛЫ
Кодированные данные для изобразительных материалов. diycxx zz ae
135 ## - ПОЛЕ КОДИРОВАННЫХ ДАННЫХ: ЭЛЕКТРОННЫЕ РЕСУРСЫ
Кодированные данные для электронного ресурса crcn 024anaba
181 #0 - ПОЛЕ КОДИРОВАННЫХ ДАННЫХ: ВИД СОДЕРЖАНИЯ
Код вида содержания (ISBD) b4
Код характеристики содержания (ISBD) xb2e
182 #0 - ПОЛЕ КОДИРОВАННЫХ ДАННЫХ: ТИП СРЕДСТВА
Код типа средства (ISBD) n - непосредственное
200 1# - ЗАГЛАВИЕ И СВЕДЕНИЯ ОБ ОТВЕТСТВЕННОСТИ
Основное заглавие Сметем с лица земли фашистскую нечисть!
Сведения, относящиеся к заглавию воинское
-- [закрытое письмо]
203 ## - ВИД СОДЕРЖАНИЯ И ТИП СРЕДСТВА
Вид содержания Изображение
Дополнительные сведения об издании неподвижное
-- двухмерное
-- визуальное
Тип средства непосредственное
210 ## - ПУБЛИКАЦИЯ, РАСПРОСТРАНЕНИЕ И ДР.
Место издания, распространения и т.д. [Москва]
Имя издателя, распространителя и т. д. Воениздат НКО СССР
Дата издания, распространения и т.д. [1944
Место изготовления Москва]
Имя изготовителя Тип. "Красный пролетарий"
215 ## - ФИЗИЧЕСКАЯ ХАРАКТЕРИСТИКА
Специфическое обозначение материала и объем 1 л. (слож. вдвое)
Другие сведения о физической характеристике цв. фотомех. печ.
Размеры 14,1х20,7 (14,1х10,7)
300 ## - ОБЩИЕ ПРИМЕЧАНИЯ
Текст примечания На закрытом письме также текст: "Смерть немецким оккупантам!", сведения о заказчике: "По зак. Военкнижторга"
300 ## - ОБЩИЕ ПРИМЕЧАНИЯ
Текст примечания Дата публикации установлена по: Летопись изобразительного искусства. 1944. № 3-4. № 2568
300 ## - ОБЩИЕ ПРИМЕЧАНИЯ
Текст примечания Ценз. разрешение: Г 532585
300 ## - ОБЩИЕ ПРИМЕЧАНИЯ
Текст примечания В вып. дан.: Зак. 569
309 ## - ПРИМЕЧАНИЯ ОБ ОСНОВНОМ ИСТОЧНИКЕ ИНФОРМАЦИИ И ОБ ОСОБЕННОСТЯХ ПОЛИГРАФИЧЕСКОГО ОФОРМЛЕНИЯ ИЗДАНИЯ
Текст примечания Двойной формуляр, без клеевой полосы
325 ## - ПРИМЕЧАНИЕ О КОПИИ
Текст примечания Копия доступна в Электрон. б-ке РНБ
327 0# - ПРИМЕЧАНИЯ О СОДЕРЖАНИИ
Текст примечания Советский кавалерист с шашкой, на скаку поражающий вражеского солдата, вокруг на поле боя поверженные враги; на заднем плане танки, в небе советские военные самолеты
606 1# - НАИМЕНОВАНИЕ ТЕМЫ КАК ПРЕДМЕТ
Наименование темы Почтовые открытки маркированные художественные
Географический подзаголовок СССР
Хронологический подзаголовок 1941 - 1945
Код системы nlr_sh2
Идентификатор авторитетной/нормативной записи RU\NLR\AUTH\661531868
606 1# - НАИМЕНОВАНИЕ ТЕМЫ КАК ПРЕДМЕТ
Наименование темы Великая Отечественная война
Хронологический подзаголовок 1941 - 1945
Тематический подзаголовок Военные операции
Формальный подзаголовок Открытки
Код системы nlr_sh1
-- nlr_sh2
Идентификатор авторитетной/нормативной записи RU\NLR\AUTH\66137667
606 1# - НАИМЕНОВАНИЕ ТЕМЫ КАК ПРЕДМЕТ
Наименование темы Великая Отечественная война
Хронологический подзаголовок 1941 - 1945
Тематический подзаголовок Кавалерия
Формальный подзаголовок Открытки
Код системы nlr_sh1
-- nlr_sh2
Идентификатор авторитетной/нормативной записи RU\NLR\AUTH\66132877
606 1# - НАИМЕНОВАНИЕ ТЕМЫ КАК ПРЕДМЕТ
Наименование темы Лошади
Формальный подзаголовок Открытки
Код системы nlr_sh1
-- nlr_sh2
Идентификатор авторитетной/нормативной записи RU\NLR\AUTH\6672490
610 1# - НЕКОНТРОЛИРУЕМЫЕ ПРЕДМЕТНЫЕ ТЕРМИНЫ
Предметный термин Закрытые письма
686 1# - ИНДЕКСЫ ДРУГИХ КЛАССИФИКАЦИЙ
Индекс Щ153(2)7-489
712 02 - НАИМЕНОВАНИЕ ОРГАНИЗАЦИИ - ВТОРИЧНАЯ ОТВЕТСТВЕННОСТЬ
Начальный элемент ввода Воениздат
Идентифицирующий признак Москва
Идентификатор авторитетной/нормативной записи RU\NLR\AUTH\8810147525
Код отношения Издатель
712 02 - НАИМЕНОВАНИЕ ОРГАНИЗАЦИИ - ВТОРИЧНАЯ ОТВЕТСТВЕННОСТЬ
Начальный элемент ввода "Красный пролетарий", типография
Идентифицирующий признак Москва
Идентификатор авторитетной/нормативной записи RU\NLR\AUTH\8810047271
Код отношения Печатник (типограф)
712 02 - НАИМЕНОВАНИЕ ОРГАНИЗАЦИИ - ВТОРИЧНАЯ ОТВЕТСТВЕННОСТЬ
Начальный элемент ввода "Военкнижторг", контора
Идентифицирующий признак Москва
Идентификатор авторитетной/нормативной записи RU\NLR\AUTH\880592869
Код отношения Прочие
830 ## - ОБЩЕЕ ПРИМЕЧАНИЕ, СОСТАВЛЕННОЕ КАТАЛОГИЗАТОРОМ
Текст примечания Летопись изоизданий: техника печати - литография цветн. АЯ ОЭФ
830 ## - ОБЩЕЕ ПРИМЕЧАНИЕ, СОСТАВЛЕННОЕ КАТАЛОГИЗАТОРОМ
Текст примечания "По первому зову партии и правительства мы, как один, займем свои боевые места и мощной лавиной сметем с лица земли всю фашистскую нечисть": Правда. 1937. №247 (7213) (7 сентября). С. 3. https://yandex.ru/archive/catalog/c6bd7181-77a5-4454-9873-099caf53bfc8/3 (29.09.2025). АЯ ОЭФ
830 ## - ОБЩЕЕ ПРИМЕЧАНИЕ, СОСТАВЛЕННОЕ КАТАЛОГИЗАТОРОМ
Текст примечания "Сметем с лица земли фашистскую нечисть!": Красная звезда. 1941. № 152 (1 июля). С. 1. https://yandex.ru/archive/catalog/3fe59bb5-8654-4b4c-91eb-1c508ec2a9f7/1 (29.09.2025). АЯ ОЭФ
852 00 - МЕСТОНАХОЖДЕНИЕ И ШИФР ХРАНЕНИЯ
Идентификатор организации NLR
Наименование фонда или коллекции (Sub-Location Identifier) Э
Шифр хранения (Call Number) О-ЗП-3/1944-12
Идентификатор единицы Эот101014
856 #0 - МЕСТОНАХОЖДЕНИЕ ЭЛЕКТРОННЫХ РЕСУРОВ И ДОСТУП К НИМ
Универсальный идентификатор ресурса (Uniform Resource Identifier) https://vivaldi.nlr.ru/lo500030000/view
856 #1 - МЕСТОНАХОЖДЕНИЕ ЭЛЕКТРОННЫХ РЕСУРОВ И ДОСТУП К НИМ
Универсальный идентификатор ресурса (Uniform Resource Identifier) https://vivaldi.nlr.ru/lo500030000/cover
856 #2 - МЕСТОНАХОЖДЕНИЕ ЭЛЕКТРОННЫХ РЕСУРОВ И ДОСТУП К НИМ
Универсальный идентификатор ресурса (Uniform Resource Identifier) https://vivaldi.nlr.ru/lo500030000/text
942 ## - ДОПОЛНИТЕЛЬНЫЕ ЭЛЕМЕНТЫ ЗАПИСИ (АБИС)
Тип экземпляра АБИС Визуальный материал
945 ## - Информацию об издании предоставили:
Полное название организации, предоставившей материал Российская национальная библиотека
980 ## - КОЛЛЕКЦИЯ
Название коллекции Национальная библиография
980 ## - КОЛЛЕКЦИЯ
Название коллекции Библиография Победы
981 17 - КОЛЛЕКЦИЯ ЭЛЕКТРОННОЙ БИБЛИОТЕКИ
Название коллекции Изографические материалы
Название подколлекции Открытки

Нет доступных экземпляров.